书目信息 |
| 题名: |
3D EXPERIENCE 平台的市政交通工程BIM解决方案
|
|
| 作者: | 袁胜强 主编 | |
| 分册: | ||
| 出版信息: | 上海 同济大学出版社 2020.08 |
|
| 页数: | 290页 | |
| 开本: | 26cm | |
| 丛书名: | ||
| 单 册: | ||
| 中图分类: | U491-39 | |
| 科图分类: | ||
| 主题词: | 市政工程--shi zheng gong cheng--交通工程--计算机辅助设计--应用软件 | |
| 电子资源: | ||
| ISBN: | 978-7-5608-9330-3 | |
| 000 | 00931nam0 2200241 450 | |
| 001 | 011025153708 | |
| 005 | 20221025153708.0 | |
| 010 | @a978-7-5608-9330-3@dCNY78.00 | |
| 099 | @aCAL 012020357060 | |
| 100 | @a20201004d2020 em y0chiy50 ea | |
| 101 | 0 | @achi |
| 102 | @aCN@b310000 | |
| 105 | @aa a 000yy | |
| 106 | @ar | |
| 200 | 1 | @a3D EXPERIENCE 平台的市政交通工程BIM解决方案@A3D EXPERIENCE ping tai de shi zheng jiao tong gong cheng BIMjie jue fang an@f主编袁胜强 |
| 210 | @a上海@c同济大学出版社@d2020.08 | |
| 215 | @a290页@c图@d26cm | |
| 320 | @a有书目 (第289-290页) | |
| 330 | @a本书着力于探索BIM技术在市政交通行业的解决方案,主要内容包括:BIM与市政交通、3DEXPERIENCE平台的BIM技术、3DEXPERIENCE平台下的BIM研发及应用。 | |
| 606 | 0 | @a市政工程@Ashi zheng gong cheng@x交通工程@x计算机辅助设计@x应用软件 |
| 690 | @aU491-39@v5 | |
| 701 | 0 | @a袁胜强@Ayuan sheng qiang@4主编 |
| 905 | @a河南城建学院图书馆@dU491-39@eY905 | |
| 3D EXPERIENCE 平台的市政交通工程BIM解决方案/主编袁胜强.-上海:同济大学出版社,2020.08 |
| 290页:图;26cm |
| ISBN 978-7-5608-9330-3:CNY78.00 |
| 本书着力于探索BIM技术在市政交通行业的解决方案,主要内容包括:BIM与市政交通、3DEXPERIENCE平台的BIM技术、3DEXPERIENCE平台下的BIM研发及应用。 |
| ● |
| 相关链接 |
|
|
|
正题名:3D EXPERIENCE 平台的市政交通工程BIM解决
索取号:U491-39/Y905
 
预约/预借
| 序号 | 登录号 | 条形码 | 馆藏地/架位号 | 状态 | 备注 |
| 1 | 1589132 | 215891328 | 自科库501/501自科库 58排1列5层/ [索取号:U491-39/Y905] | 在馆 | |
| 2 | 1589133 | 215891337 | 自科库501/501自科库 58排1列5层/ [索取号:U491-39/Y905] | 在馆 |